| 000 | 00528nam a2200169 a 4500 | ||
|---|---|---|---|
| 005 | 20140310183142.0 | ||
| 008 | 020822s19uu xx 00 eng d | ||
| 050 |
_aHD 57.7 _b.Se457 1999 |
||
| 100 | _aSergiovanni, Thomas J. | ||
| 245 |
_aRethinking leadership : _ba collection of articles / _cThomas J. Sergiovanni. |
||
| 260 |
_aArlington Heights, IL : _bSkyLight Training and Pub., _c1999. |
||
| 300 |
_axiii, 176 p. : _bill. ; _c23 cm. |
||
| 521 | _aBSBA | ||
| 650 | _aLeadership | ||
| 942 |
_cBK _2lcc _kFOR |
||
| 999 |
_c19433 _d19433 |
||